<?xml version="1.0" encoding="UTF-8"?><marc:collection xmlns:marc="http://www.loc.gov/MARC21/slim">
  <marc:record>
    <marc:leader>00000nas  2200000za 4500</marc:leader>
    <marc:controlfield tag="001">9.502744</marc:controlfield>
    <marc:controlfield tag="003">CaOODSP</marc:controlfield>
    <marc:controlfield tag="005">20221107133141</marc:controlfield>
    <marc:controlfield tag="007">cr |||||||||||</marc:controlfield>
    <marc:controlfield tag="008">150406d19992010qucar p o    f0   b0fre|d</marc:controlfield>
    <marc:datafield tag="022" ind1=" " ind2=" ">
      <marc:subfield code="a">1700-702X</marc:subfield>
    </marc:datafield>
    <marc:datafield tag="040" ind1=" " ind2=" ">
      <marc:subfield code="a">CaOODSP</marc:subfield>
      <marc:subfield code="b">fre</marc:subfield>
    </marc:datafield>
    <marc:datafield tag="043" ind1=" " ind2=" ">
      <marc:subfield code="a">n-cn---</marc:subfield>
    </marc:datafield>
    <marc:datafield tag="086" ind1="1" ind2=" ">
      <marc:subfield code="a">Iu50F-PDF</marc:subfield>
    </marc:datafield>
    <marc:datafield tag="110" ind1="1" ind2=" ">
      <marc:subfield code="a">Canada. </marc:subfield>
      <marc:subfield code="b">Bureau de la concurrence.</marc:subfield>
    </marc:datafield>
    <marc:datafield tag="210" ind1="0" ind2=" ">
      <marc:subfield code="a">Rapp. annu. Commis. concurr. appl. adm. lois suivantes Loi concurr. Loi emball. étiquet. prod. consomm. Loi poinçonnage mét. précieux Loi étiquet. text. </marc:subfield>
      <marc:subfield code="b">(En ligne)</marc:subfield>
    </marc:datafield>
    <marc:datafield tag="222" ind1=" " ind2="0">
      <marc:subfield code="a">Rapport annuel du Commissaire de la concurrence ... sur l'application et l'administration des lois suivantes, Loi sur la concurrence, Loi sur l'emballage et l'étiquetage des produits de consommation, Loi sur le poinçonnage des métaux précieux, Loi sur l'étiquetage des textiles </marc:subfield>
      <marc:subfield code="b">(En ligne)</marc:subfield>
    </marc:datafield>
    <marc:datafield tag="240" ind1="1" ind2="0">
      <marc:subfield code="a">Rapport annuel du Commissaire de la concurrence pour l'exercice se terminant ... sur l'application et l'administration des lois suivantes, Loi sur la concurrence, Loi sur l'emballage et l'étiguetage des produits de consommation, Loi sur le poinçonnage des métaux précieux, Loi sur l'étiquetage des textiles (En ligne)</marc:subfield>
    </marc:datafield>
    <marc:datafield tag="245" ind1="1" ind2="0">
      <marc:subfield code="a">Rapport annuel du Commissaire de la concurrence pour l'exercice se terminant ... sur l'application et l'administration des lois suivantes, Loi sur la concurrence, Loi sur l'emballage et l'étiquetage des produits de consommation, Loi sur le poinçonnage des métaux précieux, Loi sur l'étiquetage des textiles </marc:subfield>
      <marc:subfield code="h">[ressource électronique].</marc:subfield>
    </marc:datafield>
    <marc:datafield tag="246" ind1="3" ind2="0">
      <marc:subfield code="a">Rapport annuel du Commissaire de la concurrence</marc:subfield>
    </marc:datafield>
    <marc:datafield tag="260" ind1=" " ind2=" ">
      <marc:subfield code="a">Gatineau, Québec : </marc:subfield>
      <marc:subfield code="b">Bureau de la concurrence, Industrie Canada, </marc:subfield>
      <marc:subfield code="c">1999-2010.</marc:subfield>
    </marc:datafield>
    <marc:datafield tag="310" ind1=" " ind2=" ">
      <marc:subfield code="a">Annuel</marc:subfield>
    </marc:datafield>
    <marc:datafield tag="362" ind1="0" ind2=" ">
      <marc:subfield code="a">31 mars 1999 - 31 mars 2008.</marc:subfield>
    </marc:datafield>
    <marc:datafield tag="500" ind1=" " ind2=" ">
      <marc:subfield code="a">Publi. aussi en anglais sous le titre : Annual report of the Commissioner of Competition for the year ending March 31, ... </marc:subfield>
    </marc:datafield>
    <marc:datafield tag="515" ind1=" " ind2=" ">
      <marc:subfield code="a">L'année d'activité se termine le 31 mars.</marc:subfield>
    </marc:datafield>
    <marc:datafield tag="530" ind1=" " ind2=" ">
      <marc:subfield code="a">Également publ. en version imprimée.</marc:subfield>
    </marc:datafield>
    <marc:datafield tag="691" ind1="0" ind2="7">
      <marc:subfield code="a">Concurrence</marc:subfield>
      <marc:subfield code="2">gcpds</marc:subfield>
    </marc:datafield>
    <marc:datafield tag="775" ind1="0" ind2="8">
      <marc:subfield code="t">Annual report of the Commissioner of Competition for the year ending ... on the enforcement and administration of the Competition Act, Consumer Packaging and Labelling Act, Precious Metals Marking Act, Textile Labelling Act </marc:subfield>
      <marc:subfield code="w">(CaOODSP)9.506345</marc:subfield>
    </marc:datafield>
    <marc:datafield tag="780" ind1="0" ind2="0">
      <marc:subfield code="t">Rapport annuel du Directeur des enquêtes et recherches, Loi sur la concurrence pour l'exercice se terminant le ... </marc:subfield>
      <marc:subfield code="w">(CaOODSP)9.816190</marc:subfield>
    </marc:datafield>
    <marc:datafield tag="785" ind1="0" ind2="0">
      <marc:subfield code="t">Rapport annuel du Commissaire de la concurrence pour l'exercice se terminant le ... </marc:subfield>
      <marc:subfield code="w">(CaOODSP)9.851035</marc:subfield>
    </marc:datafield>
  </marc:record>
</marc:collection>
